The conditions of economic progress
Αποθηκεύτηκε σε:
| Κύριος συγγραφέας: | |
|---|---|
| Μορφή: | Βιβλίο |
| Γλώσσα: | English |
| Δημοσίευση: |
New York :
Macmillan,
1957
|
| Έκδοση: | 3rd ed. |
| Θέματα: | |
| Ετικέτες: |
Προσθήκη ετικέτας
Δεν υπάρχουν, Καταχωρήστε ετικέτα πρώτοι!
|
MARC
| LEADER | 00000nam a2200000 i 4500 | ||
|---|---|---|---|
| 001 | 1/26737 | ||
| 008 | 981216s1957 eng d | ||
| 035 | |l 10037654 | ||
| 040 | |a GR-MY-UA |b gre |e aacr | ||
| 041 | 0 | |a eng | |
| 082 | 0 | |a 330.904 | |
| 100 | 1 | |a Clark, Colin |d 1905- | |
| 245 | 1 | 4 | |a The conditions of economic progress / |c Colin Clark |
| 250 | |a 3rd ed. | ||
| 260 | |a New York : |b Macmillan, |c 1957 | ||
| 300 | |a xiv, 720 p. | ||
| 504 | |a 330.904 | ||
| 504 | |a Includes index | ||
| 650 | 0 | 0 | |a Economic history. |
| 650 | 0 | 0 | |a Income. |
| 650 | 0 | 0 | |a Cost and standard of living. |
| 852 | |a INST |b CHIOS |e 19981216 |h 330.904 CLA |p 005200015183 |q 005200015183 |t BK |y 0 | ||
| 901 | |a BIBL-1998-3 | ||
| 909 | |a Χ |b 055141 | ||
| 922 | |a 2ΔΩΡ |b 199812 |d ΛΕΜΟΝΙΑ | ||